Sports Quiz

Random Sports Quiz

New York Yankee Career Leaders Quiz Stats

 Plays Quiz not verified by Sporcle

Score 0/100 Timer 10:00
0 Plays Today
% Correct
Babe Ruth
100%
Babe Ruth
100%
Babe Ruth
100%
Babe Ruth
100%
Derek Jeter
99.7%
Derek Jeter
99.7%
Derek Jeter
99.7%
Derek Jeter
99.7%
Derek Jeter
99.7%
Mickey Mantle
99%
Mickey Mantle
99%
Mickey Mantle
99%
Mickey Mantle
99%
Lou Gehrig
98.4%
Lou Gehrig
98.4%
Lou Gehrig
98.4%
Lou Gehrig
98.4%
Mariano Rivera
97.1%
Mariano Rivera
97.1%
Mariano Rivera
97.1%
Yogi Berra
92.9%
Yogi Berra
92.9%
Yogi Berra
92.9%
Whitey Ford
92.9%
Whitey Ford
92.9%
Whitey Ford
92.9%
Whitey Ford
92.9%
Andy Pettitte
92.6%
Russ Ford
92.6%
Andy Pettitte
92.6%
Bernie Williams
92%
Bernie Williams
92%
Bernie Williams
92%
Joe DiMaggio
91.6%
% Correct
Joe DiMaggio
91.6%
Joe DiMaggio
91.6%
Joe DiMaggio
91.6%
Alex Rodriguez
83%
Rickey Henderson
79.7%
Ron Guidry
76.8%
Ron Guidry
76.8%
Ron Guidry
76.8%
Don Mattingly
76.5%
Don Mattingly
76.5%
Don Mattingly
76.5%
Jorge Posada
73.6%
Rich Gossage
72%
Mike Mussina
67.8%
John Wetteland
66.2%
Graig Nettles
60.5%
Bill Dickey
57.9%
Bill Dickey
57.9%
Bill Dickey
57.9%
Willie Randolph
52.1%
Sparky Lyle
51.8%
Dave Righetti
51.4%
Robinson Cano
51.1%
Lefty Gomez
49.5%
Lefty Gomez
49.5%
Lefty Gomez
49.5%
Tony Lazzeri
48.6%
Red Ruffing
44.1%
Red Ruffing
44.1%
Red Ruffing
44.1%
Roy White
42.8%
Earle Combs
37.9%
Earle Combs
37.9%
Mel Stottlemyre
34.7%
% Correct
Mel Stottlemyre
34.7%
Mel Stottlemyre
34.7%
Allie Reynolds
34.1%
Allie Reynolds
34.1%
Wade Boggs
33.1%
Bob Meusel
33.1%
Waite Hoyt
31.5%
Jack Chesbro
27.7%
Mel Stottlemyre
27.7%
Herb Pennock
25.1%
Vic Raschi
24.4%
Spud Chandler
19.6%
Spud Chandler
19.6%
Bob Turley
17.7%
Steve Farr
15.8%
Horace Clarke
14.1%
Bob Shawkey
13.5%
Bob Shawkey
13.5%
Al Downing
13.5%
Bob Shawkey
13.5%
Joe Page
12.9%
Hal Chase
11.3%
Ben Chapman
11.3%
Johnny Murphy
10.9%
Luis Arroyo
10.3%
Lindy McDaniel
7.7%
Al Orth
6.8%
Fritz Maisel
5.8%
Tiny Bonham
5.5%
George Mogridge
5.1%
Wid Conroy
4.8%
Ray Fisher
3.5%

You're not logged in!

Compare scores with friends on all Sporcle quizzes.
OR
Log In

Show Comments

Extras

Created Oct 27, 2010SourceReportNominate
Tags:career, New York

Top Quizzes Today


Score Distribution

Your Account Isn't Verified!

In order to create a playlist on Sporcle, you need to verify the email address you used during registration. Go to your Sporcle Settings to finish the process.

Report this User

Report this user for behavior that violates our Community Guidelines.

Details: